1212 1857 1160 1021 1156 1725 1970 1253 1912 1192 1099 1481 1891 1763 1255 1264 1527 1578 1702 1844 1967 1673 1229 1119 1220 1468 1179 1127 1976 1842 1717 1698 1226 1931 1876 1788 1341 1779 1386 1711 1210 1925 1128 1459 1944 1335 1407 1904 1309 1562 1608 1027 1810 1519 1704 1802 1408 1303 1779 1641 1062 1382 1008 1103 1119 1503 1015 1676 1335 1020 1425 1953 1549 1370 1016 1049 1986 1549 1717 1312 1317 1563 1344 1158 1434 1719 1001 1692 1926 1878 1071 1021 1359 1052 1221 1913 1179 1872 1715 BCNSPRNW ULIB Ver.6.0+V

เปลี่ยนเป็นภาษาไทย

Change to English
 แสดงรายละเอียดบรรณานุกรม
  กลับหน้าหลัก

Brief Record : Get Marc (ISO 2709) : E-mail record : QR code < ปิดหน้าต่าง
LEADER : 00000nam 2200000uu 4500
001    13399126404
003     ULIB
008    180913s2018||||th 000 0 tha d
024 0  ^a9781260288117
041    ^aeng
060  0 ^aWY18.2^bG211F
100 0  ^aGanti, Latha
245 00 ^aFrst aid for the pediatrics clerkship/^cLatha Ganti,^cMatthew S. Kaufman,^cNeeraja Kairam,^cBrian M. Lurie &^cEthan S. Wiener
250    ^a4 th ed. (715 ฿)
260    ^aNew York :^bMcGraw-Hill Education,^c2018
300    ^a557 p.
650  0 ^aPediatrics
650  0 ^aClinical Clerkship
650  0 ^aStudy Guide Classification
700 0  ^aKaufman, Matthew S.
700 0  ^aKairam, Neeraja
700 0  ^aLurie, Brian M.
700 0  ^aWiener, Ethan S.
945    ^p607^l0^i004629
999    ^aประนอม เกษจรัล
รายการนี้ยังไม่มีแท็ก
คุณยังไม่ได้ล็อกอิน คุณสามารถมีกิจกรรมร่วมกับเว็บไซต์ได้ แต่ต้องล็อกอินก่อน ::
  ล็อกอิน

รายการสื่อสารสนเทศ

ลำดับที่ ประเภท เลขเรียก/บาร์โค้ด สถานที่ สถานะ
1. Book การพยาบาล
หนังสือสำรอง
สถานะ=หนังสือสำรอง
WY18.2 G211F ฉ.1 
  Barcode: 004629
ห้องสมุดวิทยาเขตสวรรค์ประชารักษ์
►หนังสือทั่วไป
บนชั้น

รายการใกล้เคียง
    ผู้แต่ง [Ganti, Latha]

    หัวเรื่อง [Pediatrics]
    หัวเรื่อง [Clinical Clerkship]
    หัวเรื่อง [Study Guide Classification]

BibComment


ยังไม่เคยถูกคอมเมนท์

คอมเมนท์ทรัพยากรรายการนี้
  คอมเมนท์: Frst aid for the..


 Copyright 2026. Bcnsprnw @Library